Problems of Governance in South Asia (Record no. 220906)
[ view plain ]
| 000 -LEADER | |
|---|---|
| fixed length control field | 00604nam a22002177a 4500 |
| 005 - DATE AND TIME OF LATEST TRANSACTION | |
| control field | 20211209103024.0 |
| 008 - FIXED-LENGTH DATA ELEMENTS--GENERAL INFORMATION | |
| fixed length control field | 211209b ||||| |||| 00| 0 eng d |
| 020 ## - INTERNATIONAL STANDARD BOOK NUMBER | |
| International Standard Book Number | 8122005594 |
| 040 ## - CATALOGING SOURCE | |
| Transcribing agency | AL |
| 041 ## - LANGUAGE CODE | |
| Language code of text/sound track or separate title | eng |
| 082 ## - DEWEY DECIMAL CLASSIFICATION NUMBER | |
| Edition number | 23 |
| Classification number | 320.954 |
| Item number | PANP |
| 100 ## - MAIN ENTRY--PERSONAL NAME | |
| Personal name | V A Pai Panandiker |
| 100 ## - MAIN ENTRY--PERSONAL NAME | |
| 9 (RLIN) | 11399 |
| 245 ## - TITLE STATEMENT | |
| Title | Problems of Governance in South Asia |
| 260 ## - PUBLICATION, DISTRIBUTION, ETC. | |
| Place of publication, distribution, etc. | New Delhi |
| Name of publisher, distributor, etc. | Konark Publishers Pvt Ltd. |
| Date of publication, distribution, etc. | 2000 |
| 300 ## - PHYSICAL DESCRIPTION | |
| Extent | xxii,479 p. |
| Other physical details | HB |
| Dimensions | 21x13 cm. |
| 365 ## - TRADE PRICE | |
| Currency code | ₹ |
| Unit of pricing | ₹495.00 |
| 650 ## - SUBJECT ADDED ENTRY--TOPICAL TERM | |
| Topical term or geographic name entry element | Governance |
| 9 (RLIN) | 11396 |
| 650 ## - SUBJECT ADDED ENTRY--TOPICAL TERM | |
| Topical term or geographic name entry element | South Asia |
| 9 (RLIN) | 11397 |
| 700 ## - ADDED ENTRY--PERSONAL NAME | |
| Personal name | PANANDIKER (V A Pai) |
| 9 (RLIN) | 11398 |
| 942 ## - ADDED ENTRY ELEMENTS (KOHA) | |
| Source of classification or shelving scheme | Dewey Decimal Classification |
| Koha item type | George Fernandes Collections |
| Withdrawn status | Lost status | Source of classification or shelving scheme | Damaged status | Not for loan | Collection code | Home library | Current library | Date acquired | Total Checkouts | Full call number | Barcode | Date last seen | Cost, replacement price | Price effective from | Koha item type |
|---|---|---|---|---|---|---|---|---|---|---|---|---|---|---|---|
| Dewey Decimal Classification | Political Science | St Aloysius Library | St Aloysius Library | 03/23/2013 | 320.954 PANP | GF03176 | 12/09/2021 | 0.00 | 12/09/2021 | George Fernandes Collections |